000
00299nam a2200145Ia 4500
100
_a
Thakkar/K
942
_c
BK
654
_a
unix
245
_a
Vijay mukhis working with UNIX
260
_b
BPB
_a
New Delhi
_c
1993
082
_a
005.13'U'
_b
THA
300
_a
523
546
_a
ENGLISH
999
_c
27091
_d
27091